000 00503nam a2200145 4500
999 _c16274
_d16274
008 211022b ||||| |||| 00| 0 eng d
022 _a0732-8435
082 _aDPer 657.05 C33 Apr - Sept 2016, v86 n4-9
245 _aSustainability reporting:
_bidentifying the global leaders/
260 _aNew York:
_bThe New York State Society of CPA,
_c©2016.
300 _av86 n6, pages 22-24:
_billustrations;
_c28 cm.
500 _aThe CPA Journal
650 _aLeadership
_943609
_xTraining.
942 _2ddc
_cPER